000 00314nam a2200133 i 4500
001 bg
100 1 _aTYSZYŃSKI, Józef
245 0 _aLaboratorium spawalnictwa /
_cJózef Tuszyński.
260 _aRzeszów,
_c1977.
040 _cBPK
041 _apol
942 _cKS
008 s pl f |000 0 pol
999 _c17775
_d17775
856 _uhttp://koha.tu.koszalin.pl/cgi-bin/koha/opac-detail.pl?biblionumber=17775
_yKatalog online BPK